000
00331nam a22001457a 4500
020
_a
81-7478-521-3
082
_a
920
_b
SAL/F
100
_a
SALAFIS,REFAI
245
_a
FAMOUS INTERNATIONAL PERSONALITIES
250
_a
FIRST
260
_a
CHENNAI
_b
SURA BOOKS
_c
2004
300
_a
92/-
650
_a
BIOGRAPHY
_z
CHENNAI
942
_c
BK
999
_c
6423
_d
6423